Largest City Within 100 Miles Chain - New York City - Statistics

General Stats
  • This quiz has been taken 17 times
  • The average score is 13 of 20
Answers on the Map
Answers color-coded by a green-red scale on the quiz's map according to % correct below.
 
Answer Stats
Population Distance
from previous
(mi)
State City % Correct
585,708 93 MD Baltimore
100%
1,603,797 77 PA Philadelphia
100%
689,545 35 DC Washington
100%
238,643 5 VA Arlington
81%
226,610 95 VA Richmond
81%
459,470 95 VA Virginia Beach
81%
249,422 17 VA Chesapeake
75%
186,247 19 VA Newport News
75%
238,005 17 VA Norfolk
75%
137,148 13 VA Hampton
56%
874,579 83 NC Charlotte
50%
283,506 76 NC Durham
50%
299,035 69 NC Greensboro
50%
467,665 73 NC Raleigh
50%
174,721 49 NC Cary
44%
208,501 62 NC Fayetteville
44%
97,915 13 VA Portsmouth
44%
249,545 70 NC Winston-Salem
44%
87,521 87 NC Greenville
38%
94,324 19 VA Suffolk
38%
No matching quizzes found
Score Distribution
Percent of People with Each Score
Percentile by Number Answered
Your Score History
You have not taken this quiz